Polar Britain (Record no. 118374)

MARC details
000 -LEADER
fixed length control field 00949cam a2200205 4500
001 - CONTROL NUMBER
control field WB@3612-389
008 - FIXED-LENGTH DATA ELEMENTS--GENERAL INFORMATION
fixed length control field 041125n2004 000 0 eng u
035 ## - SYSTEM CONTROL NUMBER
System control number (Sirsi) u128128
245 ## - TITLE STATEMENT
Title Polar Britain
260 ## - PUBLICATION, DISTRIBUTION, ETC.
Date of publication, distribution, etc. 2004
490 ## - SERIES STATEMENT
Series statement RICS Press Release
Volume/sequential designation (pr102) 24 November 2004 (2)
520 ## - SUMMARY, ETC.
Summary, etc. The government wants Britain to become a fairer, more inclusive, mixed society with a greater sense of community. In reality, official statistics show that Britain is becoming more socially polarised, and that housing policy is achieving the opposite of mixed inclusiveness. "Mind the gap" is a new report published by RICS which looks at the widening gulf between the haves and have nots in Britain. http://www.rics.org/RICSWEB/getpage.aspx?p=mfhff2_ LQkmqOKuSZWEwbw==
590 ## - LOCAL NOTE (RLIN)
Local note WB
590 ## - LOCAL NOTE (RLIN)
Local note WB
650 ## - SUBJECT ADDED ENTRY--TOPICAL TERM
Topical term or geographic name entry element SOCIAL HOUSING
650 ## - SUBJECT ADDED ENTRY--TOPICAL TERM
Topical term or geographic name entry element Affordable housing
9 (RLIN) 6215
650 ## - SUBJECT ADDED ENTRY--TOPICAL TERM
Topical term or geographic name entry element POLARISATION
690 ## - LOCAL SUBJECT ADDED ENTRY--TOPICAL TERM (OCLC, RLIN)
Topical term or geographic name as entry element HOUSING
942 ## - ADDED ENTRY ELEMENTS (KOHA)
Suppress in OPAC 0
Holdings
Withdrawn status Lost status Source of classification or shelving scheme Damaged status Not for loan Home library Current library Shelving location Date acquired Total Checkouts Full call number Barcode Date last seen Copy number Price effective from Koha item type
    Dewey Decimal Classification     London London News article 25/11/2004   WB4045-08 128128-1001 06/08/2019 1 06/08/2019 News article